000
00303nam a22001337a 4500
008
171023b xxu||||| |||| 00| 0 eng d
020
_a
9780834203914
041
_a
eng
080
_a
338
100
_a
54
101
_a
MEN
245
_a
MAKING MANAGED HEALTHCARE WORK
_c
BOLAND.P
942
_2
udc
_c
BK
999
_c
35353
_d
35353